Every Football Team to play at Wembley Stadium - Statistics

General Stats
  • This quiz has been taken 12 times
  • The average score is 60 of 149
Answer Stats
Answer % Correct
Aston Villa
100%
Newcastle United
100%
Arsenal
90%
Bournemouth
90%
Bristol City
90%
Sunderland
90%
Tottenham Hotspur
90%
AFC Wimbledon
80%
Birmingham City
80%
Burnley
80%
Cardiff City
80%
Chelsea
80%
Coventry City
80%
Fulham
80%
Leeds United
80%
Liverpool
80%
Middlesbrough
80%
Norwich City
80%
Southampton
80%
Stoke City
80%
Swansea City
80%
Wrexham
80%
Brighton
70%
Charlton Athletic
70%
Crystal Palace
70%
Derby County
70%
Everton
70%
Grimsby Town
70%
Hull City
70%
Leicester City
70%
Luton Town
70%
Manchester City
70%
Newport County
70%
Nottingham Forest
70%
Notts County
70%
Sheffield United
70%
Sheffield Wednesday
70%
West Bromwich Albion
70%
West Ham
70%
Barcelona
60%
Blackpool
60%
Bolton Wanderers
60%
Borussia Dortmund
60%
Bradford City
60%
Brentford
60%
Bristol Rovers
60%
Gillingham
60%
Huddersfield Town
60%
Manchester United
60%
Milton Keynes Dons
60%
Oldham Athletic
60%
Peterborough United
60%
Plymouth Argyle
60%
Portsmouth
60%
Queens Park Rangers
60%
Real Madrid
60%
Swindon Town
60%
Wolverhampton
60%
Barnsley
50%
Bayern Munich
50%
Chesterfield
50%
Exeter City
50%
Leyton Orient
50%
Northampton Town
50%
Oxford United
50%
Salford City
50%
Shrewsbury Town
50%
Stockport County
50%
Wycombe Wanderers
50%
Cambridge United
40%
Carlisle United
40%
Crewe Alexandra
40%
Doncaster Rovers
40%
Inter Milan
40%
Juventus
40%
Macclesfield Town
40%
Mansfield Town
40%
Millwall
40%
Reading
40%
Rochdale
40%
Southend United
40%
Torquay United
40%
Tranmere Rovers
40%
Wigan Athletic
40%
Yeovil Town
40%
Barrow
30%
Burton Albion
30%
Crawley Town
30%
Fleetwood Town
30%
Harrogate Town
30%
Kidderminster Harriers
30%
Morecambe
30%
Rotherham United
30%
Stevenage
30%
Aldershot Town
20%
Bromley
20%
FC Halifax Town
20%
Gateshead
20%
Hereford
20%
Lincoln City
20%
Lowestoft Town
20%
PSV Eindhoven
20%
Scunthorpe United
20%
Sutton United
20%
Walsall
20%
Cheltenham Town
10%
Dagenham & Redbridge
10%
Darlington
10%
Forest Green Rovers
10%
Newport Pagnell
10%
Spennymoor Town
10%
Truro City
10%
Wroxham
10%
York City
10%
AFC Fylde
0%
AFC Totton
0%
AFC Whyteleafe
0%
APOEL
0%
Ascot United
0%
Binfield
0%
Brackley Town
0%
Chertsey Town
0%
Cleethorpes Town
0%
Coalville Town
0%
Concord Rangers
0%
Consett
0%
Cray Valley Paper Mills
0%
Dunston UTS
0%
Ebbsfleet United
0%
Glossop North End
0%
Gosport Borough
0%
Great Wakering Rovers
0%
Hebburn Town
0%
Hornchurch
0%
Littlehampton Town
0%
Morpeth Town
0%
North Ferriby United
0%
North Shields
0%
Romford
0%
Sholing
0%
Solihull Moors
0%
South Shields
0%
Stockton Town
0%
Thatcham Town
0%
Tunbridge Wells
0%
Warrington Rylands
0%
West Auckland Town
0%
Whitley Bay
0%
Whitstable Town
0%
No matching quizzes found
Score Distribution
Percent of People with Each Score
Percentile by Number Answered
Your Score History
You have not taken this quiz